[Event "BEL-ch op"]
[Site "Antwerp"]
[Date "2013.07.12"]
[Round "7"]
[White "Janssen, Dries"]
[Black "Lenaerts, Lennert"]
[Result "0-1"]
[WhiteElo "1935"]
[BlackElo "2120"]
[PlyCount "90"]
[EventDate "2013.07.06"]
[EventType "swiss"]
[EventRounds "9"]
[EventCountry "BEL"]
[SourceTitle "CBM 155 Extra"]
[Source "ChessBase"]
[SourceDate "2013.08.26"]
[SourceVersion "1"]
[SourceVersionDate "2013.08.26"]
[SourceQuality "1"]

1. e4 e5 2. Nf3 Nc6 3. Bb5 a6 4. Ba4 Nf6 5. Qe2 b5 6. Bb3 Be7 7. 0-0 0-0 8. c3 d5 9. d3 Bb7 10. Nbd2 d4 11. cxd4 Nxd4 12. Nxd4 Qxd4 13. Nf3 Qd6 14. Nh4 g6 15. Bh6 Rfd8 16. Rad1 Bc8 17. h3 Nh5 18. Nf5 gxf5 19. Qxh5 Qg6 20. Qxg6+ hxg6 21. f4 Kh7 22. Bg5 f6 23. Bh4 exf4 24. Bd5 Rb8 25. Bf2 Bb7 26. Bxb7 Rxb7 27. exf5 g5 28. Rfe1 c5 29. Re6 a5 30. Rde1 Rdd7 31. d4 c4 32. d5 Kg7 33. Rd1 Rd6 34. Rde1 Kf7 35. Bc5 Rdd7 36. d6 Bf8 37. R1e4 Rb8 38. Rd4 Rc8 39. Bb6 b4 40. Kf1 c3 41. bxc3 bxc3 42. Bc7 c2 43. Re1 Rcxc7 44. dxc7 Rxc7 45. Rc1 Ba3 0-1

[Event "BEL-ch op"]
[Site "Westerlo"]
[Date "2010.07.03"]
[Round "1"]
[White "Janssen, Dries"]
[Black "Duhayon, Yves"]
[Result "0-1"]
[WhiteElo "1843"]
[BlackElo "2211"]
[PlyCount "78"]
[EventDate "2010.07.03"]
[EventType "swiss"]
[EventRounds "9"]
[EventCountry "BEL"]
[SourceTitle "CBM 137 Extra"]
[Source "ChessBase"]
[SourceDate "2010.09.01"]
[SourceVersion "1"]
[SourceVersionDate "2010.09.01"]
[SourceQuality "1"]

1. e4 e5 2. Nf3 Nc6 3. Bb5 Nge7 4. Nc3 Ng6 5. d4 exd4 6. Nxd4 Bc5 7. Be3 Bxd4 8. Bxd4 0-0 9. Be3 d6 10. Qd2 a6 11. Be2 f5 12. Bg5 Qe8 13. 0-0-0 fxe4 14. Bc4+ Be6 15. Nd5 Qf7 16. Rhe1 h6 17. Be3 Rae8 18. h3 Nce5 19. Bb3 b5 20. Nc3 Nc4 21. Bxc4 Bxc4 22. b3 Be6 23. Ne2 a5 24. Bd4 a4 25. Ng3 d5 26. Nh5 Ne5 27. Qe2 g6 28. Bxe5 gxh5 29. Qd2 Kh7 30. Bd4 Rg8 31. Rg1 axb3 32. axb3 Ra8 33. Rde1 Ra2 34. Kb1 Rga8 35. g4 c5 36. Bxc5 Ra1+ 37. Kb2 R8a2+ 38. Kc3 b4+ 39. Kxb4 Qc7 0-1